Biblioteca ESET

El idioma materno / (Registro nro. 344)

Detalles MARC
000 -CABECERA
fixed length control field 02567nam a2200313 a 4500
003 - CONTROL NUMBER IDENTIFIER
control field AR-BeUNQ
005 - FECHA Y HORA DE LA ULTIMA TRANSACCION
control field 20230922151110.0
007 - CAMPO FIJO DE DESCRIPCION FIJA - INFORMACION GENERAL
fixed length control field ta
008 - ELEMENTOS DE LONGITUD FIJA-INFORMACION GENERAL
fixed length control field 230721s2021 ag gr 001 j spa d
020 ## - NUMERO INTERNACIONAL NORMALIZADO PARA LIBROS
Número Internacional Normalizado del libro 9789874794819
040 ## - FUENTE DE CATALOGACION
Agencia de catalogación original AR-BaBN
Idioma de catalogación ESPAÑOL
Agencia que realiza la transcripción AR-BaBN
Agencia que realiza la modificación AR-BeUNQ
Convenciones de la descripción aacr
082 04 - NUMERO DE CLASIFICACION DECIMAL DEWEYMBER
Número de la edición 21
Número de clasificación M 863
100 1# - ASIENTO PRINCIPAL-NOMBRE PERSONAL
Nombre personal Morábito, Fabio,
Fecha asociada al nombre 1955-
Término relacionador aut.
245 13 - MENCION DE TITULO
Título El idioma materno /
Mención de responsabilidad, etc Fabio Morábito.
250 ## - MENCION DE EDICION
Mención de edición 2a ed. especial
260 ## - PUBLICACION, DISTRIBUCION, ETC.
Lugar de publicación, distribución, etc. Buenos Aires :
Nombre del editor, distribuidor, etc. Gog & Magog,
Fecha de publicación, distribución, etc 2021.
300 ## - DESCRIPCION FISICA
Extensión 174 p. ;
Dimensiones 20 cm.
490 1# - MENCION DE SERIE
Mención de serie Colección Otras Prosas
500 ## - NOTA GENERAL
Nota general Colección Literaria para el Nivel Secundario del Plan Nacional de Lecturas del Ministerio de Educación de la Nación.
500 ## - NOTA GENERAL
Nota general "Este libro fue escrito gracias a una beca del Sistema Nacional de Creadores de Conaculta."
520 3# - NOTA DE RESUMEN, ETC
Nota de resumen, etc. No es novedad que el estilo ha caído en desgracia. Mientras la literatura (como siempre) viaja a velocidad crucero hacia un futuro cada vez más incierto donde asoma la pesadilla de su obsolescencia, nos limitamos a mirar para atrás, con una añoranza difícil de confesar, hacia un pasado no tan lejano en que la literatura se confundía con el estilo. Hablar de estilo hoy implica arriesgarse a ser tildado de anacrónico, a ser acusado de nostálgico o supersticioso. Y sin embargo, leyendo a Fabio Morábito la vigencia de la idea de estilo, la importancia vital de una simple coma o un adjetivo bien puesto, se nos aparece como una evidencia inmediata: el estilo entendido a la vez como máxima libertad y máximo rigor: el estilo como pensamiento y destino, destino de un pensamiento. Conocíamos a Fabio Morábito sobre todo por sus potentes poemas, donde ideas e imágenes danzan en concierto armonioso, y por los sorprendentes mecanismos de relojería de sus relatos. Los textos de “El idioma materno” combinan lo mejor de ambos y exigen ser leídos a la vez como poemas y como relatos, o como apuntes de una forma futura. Autobiografía literaria y bitácora de lectura, fábulas urbanas, microficciones del yo y poemas en prosa: de la cruza de todo ello, amalgamado por su estilo único, Morábito extrae pequeñas joyas nítidas, fascinantes ejercicios de autoficción e inteligencia que se leen en forma adictiva y ya no nos sueltan.
650 #7 - ASIENTO SECUNDARIO DE MATERIA - TERMINO TEMATICO
Término temático o nombre geográfico como elemento de entrada Literatura latinoamericana
Fuente del encabezamiento o términ tell
650 #7 - ASIENTO SECUNDARIO DE MATERIA - TERMINO TEMATICO
Término temático o nombre geográfico como elemento de entrada Literatura juvenil
Fuente del encabezamiento o términ tell
650 #7 - ASIENTO SECUNDARIO DE MATERIA - TERMINO TEMATICO
Término temático o nombre geográfico como elemento de entrada Cuentos
Fuente del encabezamiento o términ tell
651 #7 - ASIENTO SECUNDARIO DE MATERIA - NOMBRE GEOGRAFICO
Nombre geográfico México
Fuente del encabezamiento o término spines
830 #0 - ASIENTO SECUNDARIO DE SERIE--TITULO UNIFORME
Título uniforme Otras Prosas (Gog & Magog)
929 ## - DATOS DE ADQUISICION
Procedencia DONACION
Proveedor Ministerio de Educación de la Nación
Precio 300,00
Fecha de recibido 20230629
Patrimonio UNQ PAT0080199
Número de inventario 61350
942 #8 - ELEMENTOS DE PUNTO DE ACCESO ADICIONAL (KOHA)
Tipo de ítem Koha Libros
Existencias
Estado de retiro Estado de pérdida Ubicación permanente Ubicación actual Ubicación en estantería Fecha de ingreso Total Checkouts Signatura topográfica completa Inventario Date last seen Tipo de ítem Koha Número de copia Operador
    Biblioteca ESET - UNQ Biblioteca ESET - UNQ CIRCULACION 07/10/2021   853 / MOR 58840 23/08/2022 Libros    
    Biblioteca ESET - UNQ Biblioteca ESET - UNQ CIRCULACION 21/07/2023   M 863 MOR 61350 22/09/2023 Libros 2 GS

ESET UNQ

☏ 4365-7188
 Avenida República de Francia 1714 entre Doctor Kenny y Concordia, Ezpeleta, Bs As.
✉ secretaria_eset@unq.edu.ar

Con tecnología Koha